FIFA 20 - English Player Names - Statistics

General Stats
  • This quiz has been taken 683 times
  • The average score is 20 of 24
Answer Stats
Surname Name % Correct
Maguire Harry
97%
Rooney Wayne
97%
Shearer Alan
96%
Vardy Jamie
96%
Ferdinand Rio
96%
Kane Harry
95%
Gerrard Steven
95%
Hart Joe
94%
Rashford Marcus
94%
Scholes Paul
94%
Alexander-Arnold Trent
94%
Lampard Frank
93%
Shaw Luke
93%
Milner James
92%
Sterling Raheem
92%
Sancho Jadon
90%
Owen Michael
90%
Maddison James
89%
Pickford Jordan
89%
Dier Eric
88%
Lineker Gary
88%
Gomez Joe
88%
Henderson Jordan
88%
Walker Kyle
88%
Lingard Jesse
87%
Young Ashley
86%
Pope Nick
86%
Alli Delle
85%
Abraham Tammy
85%
Wilshere Jack
84%
Smalling Chris
83%
Welbeck Danny
83%
Lallana Adam
81%
Barkley Ross
80%
Trippier Kieran
79%
Walcott Theo
78%
Wright Ian
74%
Campbell Sol
74%
Oxlade-Chamberlain Alex
73%
Rose Danny
73%
Moore Bobby
72%
Butland Jack
70%
Jones Phil
67%
Heaton Tom
66%
Hudson-Odoi Callum
65%
Delph Fabian
57%
Clyne Nathaniel
55%
Barnes John
54%
Kent Ryan
49%
Baines Leighton
46%
No matching quizzes found
Score Distribution
Percent of People with Each Score
Percentile by Number Answered
Your Score History
You have not taken this quiz